El liberalismo, hoy (Record no. 4547)

MARC details
000 -LEADER
campo de control de longitud fija 01560njm a2200325 i 4500
001 - NÚMERO DE CONTROL
campo de control 4547
003 - IDENTIFICADOR DE NÚMERO DE CONTROL
campo de control ES-MaACL
005 - FECHA Y HORA DE LA ÚLTIMA TRANSACCIÓN
campo de control 20250728095140.0
007 - CAMPO FIJO DE DESCRIPCIÓN FÍSICA--INFORMACIÓN GENERAL
campo de control de longitud fija s|r|||||||||||
008 - DATOS DE LONGITUD FIJA--INFORMACIÓN GENERAL
campo de control de longitud fija 041202s1981 sp ||| g ||||||||1|nspa d
245 03 - MENCIÓN DEL TÍTULO
Título El liberalismo, hoy
Medio [Grabación sonora]
Resto del título : [acto celebrado el 6 de octubre de 1981].
260 ## - PUBLICACIÓN, DISTRIBUCIÓN, ETC.
Lugar de publicación, distribución, etc. Madrid :
Nombre del editor, distribuidor, etc. Ateneo de Madrid,
Fecha de publicación, distribución, etc. 1981.
300 ## - DESCRIPCIÓN FÍSICA
Extensión 3 discos (3 h. 14 min. 36 seg.) ;
Dimensiones 12 cm.
500 ## - NOTA GENERAL
Nota general Datos basados en invitación.
505 8# - NOTA DE CONTENIDO CON FORMATO
Nota de contenido con formato Presentación de la sesión por Fernando Chueca Goitia . 1ª parte: Liberalismo y sociedad / Emilio Fontela . Comunicaciones y coloquio . Resumen de conclusiones / Pedro Schwartz. . 2ª parte: Liberalismo y economía / Jurgen Donges . Comunicaciones y coloquio . Resumen de conclusiones / Julio Pascual
518 ## - NOTA DE FECHA/HORA Y LUGAR DE UN ACONTECIMIENTO
Nota de fecha/hora y lugar de un acontecimiento Acto organizado por el Ateneo de Madrid en colaboración con el Club Liberal, grabado en el salón de actos el martes 6 de octubre de 1981, a las 18:30.
610 24 - PUNTO DE ACCESO ADICIONAL DE MATERIA--NOMBRE DE ENTIDAD CORPORATIVA
Nombre de entidad corporativa o nombre de jurisdicción como elemento de entrada Ateneo de Madrid-
Subdivisión general Actos culturales-
Subdivisión cronológica 1981-
Subdivisión de forma Grabaciones sonoras.
9 (RLIN) 1893
650 #4 - PUNTO DE ACCESO ADICIONAL DE MATERIA--TÉRMINO DE MATERIA
Término de materia o nombre geográfico como elemento de entrada Liberalismo-
Subdivisión cronológica S.XX.
9 (RLIN) 14396
650 #7 - PUNTO DE ACCESO ADICIONAL DE MATERIA--TÉRMINO DE MATERIA
Término de materia o nombre geográfico como elemento de entrada Liberalismo económico
Fuente del encabezamiento o término embne
9 (RLIN) 135483
700 1# - ENTRADA AGREGADA--NOMBRE PERSONAL
Nombre de persona Chueca Goitia, Fernando,
Fechas asociadas al nombre 1911-2004
9 (RLIN) 38688
700 1# - ENTRADA AGREGADA--NOMBRE PERSONAL
Nombre de persona Fontela, Emilio.
9 (RLIN) 51638
700 1# - ENTRADA AGREGADA--NOMBRE PERSONAL
Nombre de persona Schwartz, Pedro.
9 (RLIN) 104874
700 1# - ENTRADA AGREGADA--NOMBRE PERSONAL
Nombre de persona Donges, Juergen B.
9 (RLIN) 45314
700 1# - ENTRADA AGREGADA--NOMBRE PERSONAL
Nombre de persona Pascual Vicente, Julio.
9 (RLIN) 89402
710 2# - ENTRADA AGREGADA--NOMBRE DE ENTIDAD CORPORATIVA
Nombre de entidad corporativa o nombre de jurisdicción como elemento de entrada Club Liberal.
9 (RLIN) 2865
852 ## - LOCALIZACIÓN
Ubicación ES-MaACL
Número de control de estantería ROT 5/2/8
itemnumber 4664
Ubicación en estantería Rotativo
852 ## - LOCALIZACIÓN
Ubicación ES-MaACL
Número de control de estantería ROT 5/2/10
itemnumber 203576
Ubicación en estantería Rotativo
942 ## - ELEMENTOS DE ENTRADA SECUNDARIOS (KOHA)
Fuente del sistema de clasificación o colocación Clasificación decimal universal
Holdings
Estatus retirado Estado de pérdida Fuente del sistema de clasificación o colocación Estado de daño No para préstamo Colección Biblioteca de origen Biblioteca actual Ubicación en estantería Fecha de adquisición Total de préstamos Signatura topográfica completa Código de barras Visto por última vez Precio de reemplazo Tipo de ítem Koha
    Clasificación decimal universal     Archivo de la palabra Biblioteca del Ateneo de Madrid Biblioteca del Ateneo de Madrid Rotativo 17/01/2008   ROT 5/2/8 1004610 23/02/2023 23/02/2023 Archivo de ordenador en CD-ROM, CD o disquete
    Clasificación decimal universal     Archivo de la palabra Biblioteca del Ateneo de Madrid Biblioteca del Ateneo de Madrid Rotativo 17/01/2008   ROT 5/2/10   17/06/2024 23/02/2023 Archivo de ordenador en CD-ROM, CD o disquete